Movies Quiz

Random Movies Quiz

Recent kids movies Quiz Stats

Quiz not verified by Sporcle

Challenge
Share
Tweet
Embed
Score 0/5 Timer 03:00
0 Plays Today
Hint Movie % Correct
Smarter than the average bearYogi bear
80.3%
Big blue headMegamind
59.2%
Chronicles of NarniaVoyage of the dawn Treader
24.8%
QuimbyRamona and Bezus
4.1%
OwlsGardens of Ga'Hoole
0.9%

You're not logged in!

Compare scores with friends on all Sporcle quizzes.
Sign Up with Email
OR
Log In

You Might Also Like...

Show Comments

Extras

Top Quizzes Today


Score Distribution

Your Account Isn't Verified!

In order to create a playlist on Sporcle, you need to verify the email address you used during registration. Go to your Sporcle Settings to finish the process.